00590nam a22001817a 450000500170000001000150001702000250003203500130005703700130007008200130008324501030009626000450019927000570024430000250030150000400032670000260036670000160039220151119155016.0 aENG-114233 a978186772591c695.00 aEN-97765 bDBAD/PUB a323.0954 aHuman rights in India :cedited by Pabitra Kumar Barman [and] Anil Rajakbproblems and prospects / aNew DelhibNew Academic Publishersc2013 a4760-61/23, Ansari Road DaryaganjbNew Delhie110002 aviii,126p.c22cm(Hb) aIncludes bibliographical references aBarman, Pabitra Kumar aRajak, Anil